[Event "45th Olympiad 2024"]
[Site "Budapest HUN"]
[Date "2024.09.11"]
[Round "1.16"]
[Board "2"]
[White "Giron Chavez, David Emanuel"]
[Black "Indjic, Aleksandar"]
[Result "0-1"]
[WhiteElo "2065"]
[BlackElo "2611"]
[PlyCount "80"]
[EventDate "2024.09.11"]
[WhiteTeam "Guatemala"]
[BlackTeam "Serbia"]
[WhiteTeamCountry "GUA"]
[BlackTeamCountry "SRB"]

1. d4 Nf6 2. c4 e6 3. Nc3 Bb4 4. e3 O-O 5. Bd3 d5 6. a3 Bxc3+ 7. bxc3 dxc4 8. Bxc4 c5 9. Ne2 Nc6 10. O-O e5 11. a4 Qc7 12. Ba3 Na5 13. Ba2 b6 14. Rc1 $146 ({RR} 14. c4 exd4 15. exd4 Ng4 16. Ng3 Rd8 17. Qf3 Bd7 18. h3 Nf6 19. d5 Re8 20. Bb2 Qd6 21. Qd3 Qf4 22. Rac1 h6 23. Bb1 Kf8 24. Qc2 Rad8 25. Rfd1 Nb7 26. Rd3 Nd6 27. Rf3 Qxc4 28. Qxc4 Nxc4 {1-0 Fraguela Gil,J (2295)-Cuadras Avellana,J (2200) ESP-ch 48th Las Palmas 1983 (2)}) ({RR} 14. Qc2 Re8 15. dxc5 bxc5 16. f3 c4 17. Ng3 Be6 18. Rae1 Rad8 19. Bb1 Rd3 20. Qb2 Red8 21. Rf2 R3d7 22. Qc2 g6 23. Bc1 Nb3 24. e4 Nxc1 25. Qxc1 Qb6 26. Nf1 Nh5 27. g3 Qb3 28. Qc2 Rd1 {½-½ Boehle,L-Morawietz,D (2310) Oberliga NRW 9192 II 1991 [1]}) 14... Rd8 15. Qc2 Ba6 16. Rfd1 Bc4 17. Bxc4 Nxc4 18. Qa2 Nxa3 19. Qxa3 Ne4 20. f3 Nd6 21. Kf2 Qe7 22. Qa2 e4 23. dxc5 Nf5 24. f4 Rd3 25. Nd4 Nxe3 26. Re1 Qh4+ 27. Kg1 bxc5 28. Nb3 Rc8 29. g3 Qh3 30. Qf2 Ng4 31. Qg2 Qxg2+ 32. Kxg2 f5 33. h3 Ne3+ 34. Kf2 Nc4 35. Kg2 Rb8 36. Nxc5 Rb2+ 37. Kh1 Rdd2 38. Rcd1 Rh2+ 39. Kg1 Rbg2+ 40. Kf1 Nd2+ 0-1

[Event "45th Olympiad 2024"]
[Site "Budapest HUN"]
[Date "2024.09.11"]
[Round "1.16"]
[Board "3"]
[White "Markus, Robert"]
[Black "Galvez Dastin, Eduardo"]
[Result "1-0"]
[WhiteElo "2586"]
[BlackElo "2100"]
[PlyCount "117"]
[EventDate "2024.09.11"]
[WhiteTeam "Serbia"]
[BlackTeam "Guatemala"]
[WhiteTeamCountry "SRB"]
[BlackTeamCountry "GUA"]

1. d4 d5 2. Nf3 Nf6 3. c4 c6 4. Nc3 e6 5. e3 Nbd7 6. Qc2 Bd6 7. Be2 O-O 8. O-O e5 9. cxd5 cxd5 10. dxe5 Nxe5 11. Rd1 Be6 12. Bd2 ({RR} 12. Ng5 Rc8 13. f4 Nc6 14. a3 a6 15. Nxe6 fxe6 16. Bf3 Rf7 17. f5 d4 18. exd4 Nxd4 19. Rxd4 Bc5 20. fxe6 Qxd4+ 21. Be3 Qxe3+ 22. Kh1 Qxe6 23. h3 Bd6 24. Qf2 Qe5 25. Qg1 Re7 26. Rf1 Bxa3 {0-1 Nargis,K (1237)-Tasnia Tarannum,O (1618) BAN-ch (Women) 2021 (5)}) 12... Rc8 13. Be1 Nxf3+ $146 ({RR} 13... a6 14. Rac1 Qc7 15. h3 Qe7 16. Qb1 Bb8 17. Nxe5 Bxe5 18. Bf3 Rfd8 19. Nxd5 Bxd5 20. Rxc8 Rxc8 21. Bxd5 Nxd5 22. Rxd5 Qf6 23. b3 g6 24. Bd2 Kg7 25. Qd3 Rc6 26. Rd7 b5 27. e4 Bc7 28. Be3 {1-0 Horvath,J (2480)-Lukacs,P (2495) HUN-chT Hungary 1992}) ({RR} 13... a6 14. Rac1 b5 15. a3 Qb6 16. Qb1 Bb8 17. Nd4 Bd7 18. g3 Rfe8 19. Qa2 Qd6 20. Nf3 Ba7 21. Nd4 h5 22. b4 h4 23. a4 bxa4 24. Nf3 hxg3 25. hxg3 Nxf3+ 26. Bxf3 d4 27. exd4 Bxd4 28. Ne2 {0-1 Damljanovic,B (2582)-Ivanisevic,I (2645) EU-ch 13th Plovdiv 2012 (6)}) ({RR} 13... a6 14. Nxe5 Bxe5 15. Qa4 Qc7 16. g3 Rfd8 17. Bf3 Qb6 18. Qb3 Qa7 19. Nxd5 Nxd5 20. Bxd5 Rxd5 21. Rxd5 Bxb2 22. Rad1 Bf6 23. a4 Bxd5 24. Rxd5 Rd8 25. Bc3 Rxd5 26. Qxd5 Qb6 27. Bxf6 gxf6 28. Kg2 {½-½ Kalinitschew,S (2450)-Thesing,M (2380) Berliner Sommer 08th 1990 (6)}) 14. Bxf3 Bb8 15. Qe2 Qc7 16. g3 Qe5 17. Nb5 Ne4 18. Nd4 Bh3 19. Rac1 a6 20. Rxc8 Rxc8 21. Bg4 Bxg4 22. Qxg4 Rd8 23. Bc3 Nxc3 24. bxc3 g6 25. Ne2 h5 26. Qb4 Qf5 27. Qe7 Qc8 28. Qg5 Rd6 29. Rxd5 Qc4 30. Rxd6 Bxd6 31. Qd8+ Kg7 32. Qxd6 Qxe2 33. Qd4+ Kg8 34. a3 b5 35. Kg2 Qa2 36. Qc5 Qe6 37. Qd4 Qa2 38. Qb4 Qd5+ 39. e4 Qc6 40. Qd4 Kf8 41. h3 f5 42. f3 fxe4 43. fxe4 Qe6 44. Kf3 Qxh3 45. Qf6+ Ke8 46. Qxg6+ Ke7 47. Kf4 Qf1+ 48. Ke5 Qe1 49. Qg7+ Ke8 50. Kd6 Qd2+ 51. Qd4 Qh6+ 52. Kd5 Qc1 53. Qh8+ Kd7 54. Qg7+ Kd8 55. Kc6 Ke8 56. Qe5+ Kf8 57. Qc5+ Kg7 58. Kb6 Qe1 59. Qe5+ 1-0

[Event "45th Olympiad 2024"]
[Site "Budapest HUN"]
[Date "2024.09.11"]
[Round "1.17"]
[Board "1"]
[White "Pace, Colin"]
[Black "Martirosyan, Haik M."]
[Result "0-1"]
[WhiteElo "2186"]
[BlackElo "2667"]
[PlyCount "46"]
[EventDate "2024.09.11"]
[WhiteTeam "Malta"]
[BlackTeam "Armenia"]
[WhiteTeamCountry "MLT"]
[BlackTeamCountry "ARM"]

1. e4 e5 2. Nf3 Nc6 3. Bc4 Bc5 4. c3 Nf6 5. d3 a6 6. Bb3 Ba7 7. O-O d6 8. Nbd2 h6 9. Re1 g5 10. d4 g4 11. Nh4 ({RR} 11. dxe5 dxe5 12. Nh4 h5 13. Nf5 h4 14. g3 Bxf5 15. exf5 hxg3 16. hxg3 Qd7 17. Ne4 Qxf5 18. Nxf6+ Qxf6 19. Be3 Bxe3 20. Rxe3 Qg6 21. Bd5 O-O-O 22. Qb3 Qh5 23. Bg2 Qh2+ 24. Kf1 Qh5 25. Rae1 Rd6 {1-0 Szyszylo,R (2093)-Torres Dominguez,D (1998) Titled Tue 10th Jan Late 2023 (11)}) 11... exd4 12. Nc4 Be6 13. e5 $146 ({RR} 13. cxd4 Bxd4 14. Be3 Bxe3 15. Nxe3 Qd7 16. Bxe6 fxe6 17. Nxg4 Nxg4 18. Qxg4 O-O-O 19. Rab1 Ne5 20. Qd1 Rhg8 21. f4 Qe7 22. Nf3 Ng4 23. b4 Qf7 24. h3 Nf6 25. b5 Qg6 26. Qc2 Rg7 27. bxa6 bxa6 {1-0 Montejo Bello,L (1778)-Gonzalez Fajardo,C (1624) Guillermo Garcia Memorial U16 op 29th 2022 (6)}) 13... d5 14. exf6 Qxf6 15. Na5 Nxa5 16. Bxd5 dxc3 17. Be3 Bxe3 18. Rxe3 cxb2 19. Rb1 O-O-O 20. Bxe6+ fxe6 21. Qe1 Nc4 22. Rxe6 Qxh4 23. Qc3 g3 0-1

[Event "45th Olympiad 2024"]
[Site "Budapest HUN"]
[Date "2024.09.11"]
[Round "1.17"]
[Board "4"]
[White "Grigoryan, Karen H."]
[Black "Mizzi, Jack"]
[Result "1-0"]
[WhiteElo "2569"]
[BlackElo "2053"]
[PlyCount "71"]
[EventDate "2024.09.11"]
[WhiteTeam "Armenia"]
[BlackTeam "Malta"]
[WhiteTeamCountry "ARM"]
[BlackTeamCountry "MLT"]

1. c4 e5 2. d3 d6 3. Nc3 f5 4. g3 Nf6 5. Bg2 c6 6. Nf3 Be7 7. O-O O-O 8. c5 Na6 ({RR} 8... Kh8 9. cxd6 Bxd6 10. Rb1 a5 11. a3 Na6 12. e4 fxe4 13. dxe4 Be6 14. Be3 Qe7 15. Qe2 Ng4 16. Bg5 Qf7 17. h3 Bc4 18. Qd2 Bxf1 19. Rxf1 h6 20. hxg4 hxg5 21. Qxd6 Rae8 22. Nxe5 Qf6 23. Qxf6 {1-0 Supi,L (2612)-Jobava,B (2578) MrDodgy Inv 3 GpA 2022 (3.7)}) ({RR} 8... e4 9. cxd6 Bxd6 10. dxe4 fxe4 11. Ng5 Qe7 12. Ngxe4 Nxe4 13. Nxe4 Bc7 14. Bd2 Be6 15. Ng5 Bb6 16. Nxe6 Qxe6 17. Qb3 Qxb3 18. axb3 Nd7 19. Bc3 Nf6 20. Bf3 g5 21. h3 Kg7 22. Rad1 Rad8 23. e3 {1-0 Becker,R (2053)-Rowe,P (1960) World Senior Teams +50 2024 (3.2)}) 9. cxd6 Bxd6 10. a3 Nc7 11. e4 $146 ({RR} 11. b4 Kh8 12. Rb1 Qe7 13. e4 a5 14. Bd2 axb4 15. axb4 fxe4 16. dxe4 Bg4 17. Qb3 Ne6 18. Nh4 Nd4 19. Qb2 Nd7 20. Rfe1 Nb6 21. h3 Nc4 22. Qc1 Nxd2 23. Qxd2 Bxh3 24. Ne2 Nxe2+ 25. Rxe2 Bg4 {0-1 Gonzalez,J (2350)-Yepes Martinez,E (2280) Montcada op 1997 (7)}) ({RR} 11. Qc2 Qe8 12. b4 Qh5 13. Bb2 Ne6 14. Na4 f4 15. Nc5 fxg3 16. hxg3 Ng4 17. Rfc1 Ng5 18. Ne4 Nxe4 19. dxe4 Bc7 20. Bc3 Bb6 21. Be1 Be6 22. Rd1 Rf6 23. Rd6 Raf8 24. Rad1 h6 25. R6d3 Kh8 {0-1 Johannsson,I-Barcza,G Olympiad-13 Final B 1958 (10)}) 11... fxe4 12. dxe4 Ne6 13. h3 Qe7 14. b4 a5 15. b5 Nc5 16. Be3 Be6 17. bxc6 Bb3 18. Qb1 a4 19. cxb7 Nxb7 20. Nd5 Nxd5 21. exd5 g6 22. Nd2 Na5 23. Ne4 Nc4 24. Bg5 Qb7 25. Rc1 Qa7 26. Qd3 Rac8 27. Rc3 Be7 28. Bxe7 Qxe7 29. Rac1 Nb2 30. d6 Qa7 31. Qb5 Rxc3 32. Rxc3 Qd4 33. Rc7 Be6 34. Qb7 Rf7 35. Rxf7 Bxf7 36. d7 1-0

[Event "45th Olympiad 2024"]
[Site "Budapest HUN"]
[Date "2024.09.11"]
[Round "1.18"]
[Board "4"]
[White "Vaz, Jose Carlos"]
[Black "Parligras, Mircea-Emilian"]
[Result "0-1"]
[WhiteElo "1909"]
[BlackElo "2537"]
[PlyCount "102"]
[EventDate "2024.09.11"]
[WhiteTeam "Cape Verde"]
[BlackTeam "Romania"]
[BlackTeamCountry "ROU"]

1. e4 c5 2. Nf3 d6 3. Bb5+ Nd7 4. d4 cxd4 5. Nxd4 Ngf6 6. Nc3 a6 ({RR} 6... g6 7. O-O Bg7 8. Re1 O-O 9. Bg5 a6 10. Bf1 Nc5 11. Nd5 Ncxe4 12. Rxe4 Nxd5 13. c4 Nf6 14. Re1 e5 15. Nc2 Be6 16. Ne3 Rc8 17. Rc1 Qb6 18. b3 Ne4 19. Bh4 Bh6 20. Rc2 Bxe3 21. Rxe3 {0-1 Veiga,J (2378)-Wagner,D (2570) Titled Tuesday intern op 09th Aug Early blitz 2022 (3)}) 7. Bxd7+ Bxd7 8. O-O e6 ({RR} 8... g6 9. Be3 Bg7 10. Qd2 O-O 11. Bh6 b5 12. Bxg7 Kxg7 13. a3 Rc8 14. Rad1 Qa5 15. Rfe1 b4 16. axb4 Qxb4 17. Nb3 Be6 18. Nd5 Qxd2 19. Rxd2 Rfe8 20. Nxf6 Kxf6 21. f4 Rc4 22. g3 Rec8 23. Ree2 {1-0 Vasquez Ramirez,J (1563)-Arango,S (1974) 17th American Cont Blitz 2024 (9.109)}) 9. Kh1 $146 ({RR} 9. Bg5 Be7 10. Kh1 O-O 11. f4 b5 12. Qd3 Qc7 13. Rae1 Bc8 14. e5 dxe5 15. fxe5 Ne8 16. Bxe7 Qxe7 17. Ne4 Bb7 18. Ng3 Nc7 19. Nh5 Qg5 20. Ng3 Rfd8 21. c3 Rd7 22. Qe2 Rad8 23. Nf3 Qe7 {0-1 Diukareva,E-Romashova,A UKR-ch sf U14 Girls 1999}) ({RR} 9. f4 Qa5 10. Be3 Be7 11. f5 Qc7 12. Qf3 e5 13. Nde2 Bc6 14. g4 h6 15. Rad1 g5 16. fxg6 fxg6 17. Ng3 O-O-O 18. Bxh6 Qb6+ 19. Rf2 Nxe4 20. Ngxe4 d5 21. Be3 d4 22. g5 dxe3 23. Rxd8+ Bxd8 {0-1 Mendoza,S (2066)-Wang,J (2362) Asia-chT rapid U23 (Women) 5th 2017 (4.2)}) 9... b5 10. a3 Be7 11. Bg5 O-O 12. f4 h6 13. Bh4 Nxe4 14. Bxe7 Nxc3 15. Bxd8 Nxd1 16. Raxd1 Rfxd8 17. Rd2 Kf8 18. Re1 Rac8 19. Kg1 Bc6 20. Kf2 Bb7 21. g4 g5 22. fxg5 hxg5 23. Kg3 Rd7 24. Rf2 Kg7 25. c3 Rc5 26. Re3 Re5 27. Rfe2 Kf6 28. Rf2+ Ke7 29. Rfe2 f6 30. h3 Rc7 31. h4 gxh4+ 32. Kxh4 Rc8 33. Rh3 Rh8+ 34. Kg3 Rxh3+ 35. Kxh3 Rxe2 36. Nxe2 Be4 37. Kg3 e5 38. Kf2 Bc2 39. Ng3 Kf7 40. Nf1 Ke6 41. Ne3 Be4 42. Ke2 d5 43. Kf2 d4 44. cxd4 exd4 45. Nf1 Ke5 46. Kg3 a5 47. Nd2 Bd5 48. b3 b4 49. axb4 axb4 50. Kf2 Kf4 51. Ke2 Be4 0-1

[Event "45th Olympiad 2024"]
[Site "Budapest HUN"]
[Date "2024.09.11"]
[Round "1.20"]
[Board "1"]
[White "Gorshtein, Ido"]
[Black "Mesfin, Leykun"]
[Result "1-0"]
[WhiteElo "2543"]
[BlackElo "2118"]
[PlyCount "79"]
[EventDate "2024.09.11"]
[WhiteTeam "Israel"]
[BlackTeam "Ethiopia"]
[WhiteTeamCountry "ISR"]
[BlackTeamCountry "ETH"]

1. d4 Nf6 2. c4 g6 3. Nc3 Bg7 4. e4 d6 5. h3 O-O 6. Be3 c5 7. d5 a6 ({RR} 7... e6 8. Nf3 exd5 9. exd5 Nfd7 10. Bd3 f5 11. O-O Ne5 12. Nxe5 Bxe5 13. f4 Bxc3 14. bxc3 Qf6 15. Qd2 Na6 16. a4 Bd7 17. a5 Nc7 18. Bf2 Rfe8 19. Kh2 Rad8 20. Rg1 Rf8 21. Rab1 Bc8 22. Bg3 {0-1 Eljanov,P (2742)-Grischuk,A (2771) Wch Blitz 5th 2010 (18)}) 8. a4 a5 $146 ({RR} 8... e6 9. Bd3 Nbd7 10. Nf3 e5 11. g4 Ne8 12. Nd2 Bf6 13. h4 Bxh4 14. Qf3 Bg5 15. Qh3 h6 16. Bxg5 Qxg5 17. Nf3 Qf6 18. g5 Qh8 19. gxh6 Ndf6 20. Qg3 Nh7 21. O-O-O Qf6 22. Rh4 Bd7 23. Nd2 {1-0 Matviishen,V (2495)-Belyakov,B (2500) Pardubice op rapid 30th 2019 (8)}) ({RR} 8... Qa5 9. Bd3 Nbd7 10. Nf3 e6 11. O-O exd5 12. cxd5 Qb4 13. Qc2 Re8 14. a5 c4 15. Be2 Nc5 16. Nd2 Nfxe4 17. Ncxe4 Nxe4 18. Nxe4 Bf5 19. f3 Bxe4 20. fxe4 Qxb2 21. Qxb2 Bxb2 22. Ra2 Bh8 23. Bf3 {1-0 Garriga Cazorla,P (2461)-Wael Sabry,M (2028) Titled Tue 27th Feb Early 2024 (1)}) ({RR} 8... Qa5 9. Qd2 Nbd7 10. Nf3 Nb6 11. e5 dxe5 12. Ne4 Qxd2+ 13. Nfxd2 Nxe4 14. Nxe4 f5 15. Nxc5 f4 16. Bd2 a5 17. Bc3 Bd7 18. b3 Ra7 19. Bd3 Re8 20. Ne4 Bf5 21. Kd2 Nd7 22. Rhe1 b6 23. Kc2 {1-0 Andrianiaina,H (2017)-Razanadrakotoarisoa,T (2004) Antananarivo zt 4.3 2019 (5)}) 9. Nf3 Na6 10. Be2 Nb4 11. Qd2 Bd7 12. O-O b6 13. Rad1 Ne8 14. Bh6 f6 15. b3 Rf7 16. Bxg7 Nxg7 17. Nh2 Qf8 18. Bg4 Qc8 19. f4 f5 20. Be2 fxe4 21. Nxe4 Nf5 22. Nf3 Qf8 23. g4 Nh6 24. Nfg5 Rg7 25. Kh2 Nf7 26. Ne6 Bxe6 27. dxe6 Nd8 28. f5 gxf5 29. gxf5 Ndc6 30. f6 exf6 31. Nxf6+ Kh8 32. Nh5 Qe7 33. Nxg7 Qxg7 34. Qxd6 Re8 35. Rg1 Qf6 36. Rdf1 Qe5+ 37. Qxe5+ Nxe5 38. e7 Ng6 39. Rxg6 hxg6 40. Rf8+ 1-0

[Event "45th Olympiad 2024"]
[Site "Budapest HUN"]
[Date "2024.09.11"]
[Round "1.20"]
[Board "2"]
[White "Birhanu, Tegegn Mehadem"]
[Black "Nabaty, Tamir"]
[Result "0-1"]
[WhiteElo "2077"]
[BlackElo "2630"]
[PlyCount "74"]
[EventDate "2024.09.11"]
[WhiteTeam "Ethiopia"]
[BlackTeam "Israel"]
[WhiteTeamCountry "ETH"]
[BlackTeamCountry "ISR"]

1. d4 {Ftacnik,Lubomir} d5 2. Nf3 e6 3. c4 dxc4 4. Nc3 a6 5. e4 ({RR} 5. Bg5 Be7 6. Bxe7 Qxe7 7. Qa4+ Nd7 8. Qxc4 c5 9. Ne4 b5 10. Qc2 c4 11. b3 f5 12. Ned2 cxb3 13. Nxb3 Bb7 14. e3 {½-½ Zvjaginsev,V (2654)-Rublevsky,S (2655) Poikovsky Karpov 05th 2004 (9)}) ({RR} 5. a4 c5 6. d5 Nf6 7. e4 exd5 8. e5 Ne4 9. Nxd5 Nc6 10. Bxc4 Qa5+ 11. Bd2 Nxd2 12. Qxd2 Qd8 13. O-O Be6 14. Rad1 Be7 15. Qe3 Bxd5 16. Bxd5 Qc7 17. e6 f6 18. Qe4 Rc8 19. Nh4 O-O {1-0 Hajiyev,K (2104)-Luxama,J (1960) Titled Tue 12th Mar Early 2024 (1)}) 5... b5 6. a4 ({RR} 6. e5 Bb7 7. Be2 Ne7 8. Ng5 Nf5 9. Bh5 g6 10. Bf3 Nc6 11. Nge4 Be7 12. Be3 Ncxd4 13. Nd6+ cxd6 14. Bxb7 dxe5 15. Bxa8 Qxa8 16. O-O O-O 17. Qb1 b4 18. Ne4 Rc8) 6... b4 7. Ne2 ({RR} 7. Nb1 Bb7 8. Qc2 ({RR} 8. e5 c5 9. Bxc4 Nc6 10. Bg5 Be7 11. Bxe7 Ngxe7 12. dxc5 Qc7 13. Qd6 Qa5 14. Nbd2 Nf5 15. Qd3 Qxc5 16. Ne4 Qa5 17. Nd6+ Nxd6 18. exd6 Ne5 19. Nxe5 Qxe5+ 20. Kf1 O-O) 8... Nf6 9. e5 Bxf3 10. gxf3 Nd5 11. Bxc4 c5 12. dxc5 Nc6 13. Qe4 Bxc5 14. Be3 Bxe3 15. fxe3 Qb6 16. Ke2 O-O 17. Nd2 f5 18. exf6 Nxf6 19. a5 Qc7 20. Bxe6+ Kh8 21. Qc4 Qd6) 7... Nc6 $146 ({RR} 7... c5 8. d5 ({RR} 8. Ng3 cxd4 9. Bxc4 Nc6) 8... exd5 9. Nf4 Ne7 ({RR} 9... dxe4 10. Qxd8+ Kxd8 11. Ng5 Nh6 12. Bxc4 f5 13. Be3) ({RR} 9... d4 10. Bxc4 Ra7 11. O-O) 10. exd5 Ng6 11. Bxc4 Bd6 12. Nxg6 ({RR} 12. Qe2+ Kf8) 12... hxg6 13. O-O Nd7 14. Qe2+ ({RR} 14. Re1+ Kf8 15. h3 Nf6 16. Bg5 Ra7) 14... Kf8 15. h3 Rh5 16. a5 ({RR} 16. Be3 Nb6 17. Rfd1 Bb7) 16... Nf6 ({RR} 16... Qf6 17. Be3 Ne5 18. Nxe5 Qxe5 19. f4) 17. Bg5 ({RR} 17. Re1 Ra7 ({RR} 17... Bxh3 18. gxh3 Qd7 19. Ng5) 18. Bg5 Re7 19. Qd2) 17... Bxh3 18. Bh4 ({RR} 18. gxh3 Qd7 19. h4 Qg4+ 20. Kh1 Qh3+ 21. Kg1 Ng4 22. Rad1 Bh2+ 23. Kh1 Bf4+ 24. Kg1 Bxg5) 18... Qd7 19. Bg3 ({RR} 19. gxh3 Qxh3 20. Rfe1 Rxh4) 19... Bxg2 20. Bxd6+ Kg8 {0-1 Sosonko,G (2515)-Van der Sterren,P (2535) NED-ch51 Amsterdam 1996 (9)} ({RR} 20... Qxd6 21. Kxg2 Qd7 22. Ng1 Rg5+) {RR} 21. Bh2 Qh3 22. Qe5 Bxf3 23. Qg3 Rg5 24. Qxg5 Ng4) ({RR} 7... Bb7 8. Ng3 c5 9. Bxc4 cxd4 10. Nxd4 Nf6 11. e5 Qc7 12. Qe2 Nfd7 13. f4 Bc5 14. Be3 Nc6 15. Rd1 Nxd4 16. Bxd4 O-O 17. O-O Nb6 18. Bb3 Bxd4+ 19. Rxd4 Rfd8 20. Rxd8+ Rxd8 21. f5 Bd5) ({RR} 7... c5 8. d5 exd5 9. Nf4 Bb7 10. Nxd5 Ne7 11. Bg5 f6 12. Bxf6 Bxd5 13. Bxe7 Bxe7 14. exd5 Bf6 15. Bxc4 O-O 16. O-O Nd7 17. Re1 Nb6 18. Qc2 Nxc4 19. Qxc4 Bxb2 20. Rad1 Qf6 21. d6+ Kh8 22. Qxc5 {0-1 Halkias,S (2584)-Vorobiov,E (2577) Boris Kostic Memorial 15th 2008 (3)}) 8. a5 b3 9. Nc3 Nb4 10. Bxc4 Nc2+ 11. Ke2 Nxa1 12. Bf4 Nc2 13. Bxb3 Nb4 14. Ne5 Bd6 15. Ba4+ Kf8 16. Qd2 Ne7 17. Rd1 Ng6 18. Nxg6+ hxg6 19. e5 Be7 20. Bg3 Bb7 21. Kf1 c5 22. Qf4 g5 23. Qg4 Qxa5 24. dxc5 Qxc5 25. Rd7 Bd5 26. h3 Qc4+ 27. Qxc4 Bxc4+ 28. Kg1 Nd5 29. Bc6 Rc8 30. Bxd5 exd5 31. Nxd5 Bxd5 32. Rxd5 Rh6 33. Rd3 Rb6 34. b3 Rcb8 35. Rd7 Rxb3 36. e6 Rd8 37. Bd6 Rb1+ 0-1

[Event "45th Olympiad 2024"]
[Site "Budapest HUN"]
[Date "2024.09.11"]
[Round "1.20"]
[Board "3"]
[White "Smirin, Ilia"]
[Black "Tsige, Addisalem Temesgen"]
[Result "1-0"]
[WhiteElo "2575"]
[BlackElo "2068"]
[PlyCount "69"]
[EventDate "2024.09.11"]
[WhiteTeam "Israel"]
[BlackTeam "Ethiopia"]
[WhiteTeamCountry "ISR"]
[BlackTeamCountry "ETH"]

1. e4 c5 2. Nf3 g6 3. Bc4 Bg7 4. c3 e6 5. d4 cxd4 6. Nxd4 a6 7. O-O Ne7 8. Bg5 O-O 9. Bb3 h6 10. Bh4 b5 $146 ({RR} 10... e5 11. Nc2 b5 12. Ne3 Bb7 13. Qd3 g5 14. Bg3 Qb6 15. Na3 Rd8 16. Rad1 d6 17. h4 Nbc6 18. hxg5 hxg5 19. Qe2 Na5 20. Nd5 Bxd5 21. Bxd5 Nxd5 22. Rxd5 Nb7 23. Nc2 Nc5 24. Rfd1 Kf8 25. R5d2 {1-0 Piscopo,P (2366)-Hocevar,N (2044) Salento op 1st 2012 (7)}) ({RR} 10... g5 11. Bg3 Ng6 12. Nd2 Nc6 13. Nxc6 bxc6 14. Bd6 Re8 15. Nc4 a5 16. Ne3 Ba6 17. Re1 Qb6 18. Rb1 Bb5 19. Bc2 c5 20. a4 Ba6 21. e5 Nxe5 22. Bxe5 Bxe5 23. Qh5 Bg7 24. Ng4 e5 25. Be4 {0-1 Di Giannantonio,N (2358)-Palu,A (2053) South America-ch U18 12th 2015 (1)}) 11. a4 Bb7 12. Re1 g5 13. Bg3 b4 14. cxb4 d5 15. Nc3 Qb6 16. Nc2 dxe4 17. Nxe4 Rd8 18. Qh5 Nd7 19. Nd6 Rf8 20. Nxf7 Rxf7 21. Rxe6 Nf6 22. Qxf7+ Kxf7 23. Rxb6+ Bd5 24. Bxd5+ Nfxd5 25. Rb7 Kg6 26. Ne3 Bxb2 27. Nxd5 Nxd5 28. Rd1 Rc8 29. h3 Nc3 30. Rd6+ Kh5 31. Rh7 Ne2+ 32. Kh2 g4 33. Rhxh6+ Kg5 34. Rhg6+ Kf5 35. hxg4+ 1-0

[Event "45th Olympiad 2024"]
[Site "Budapest HUN"]
[Date "2024.09.11"]
[Round "1.21"]
[Board "1"]
[White "Ferster, Fabian"]
[Black "Nguyen, Ngoc Truong Son"]
[Result "0-1"]
[WhiteElo "2184"]
[BlackElo "2633"]
[PlyCount "66"]
[EventDate "2024.09.11"]
[WhiteTeam "Liechtenstein"]
[BlackTeam "Vietnam"]
[WhiteTeamCountry "LIE"]
[BlackTeamCountry "VIE"]

1. c4 e6 2. g3 d5 3. Bg2 Nf6 4. Nf3 d4 5. d3 Nc6 6. O-O Bc5 7. a3 ({RR} 7. Bg5 h6 8. Bxf6 Qxf6 9. Nbd2 Qd8 10. Ne1 e5 11. Nc2 a5 12. b3 Nb4 13. Ne1 O-O 14. a3 Nc6 15. Nc2 Qe7 16. Ne4 Ba7 17. Rb1 f5 18. Nd2 e4 19. b4 Kh8 20. c5 Be6 21. dxe4 fxe4 {1-0 Aronian,L (2775)-Duda,J (2740) Miami FTX Crypto Cup rapid 2022 (2.6)}) 7... a5 8. e3 O-O 9. exd4 $146 ({RR} 9. e4 e5 10. h3 Rb8 11. Nbd2 b5 12. cxb5 Rxb5 13. Qa4 Ba6 14. Nc4 Bd6 15. Bg5 h6 16. Bxf6 Qxf6 17. Rac1 Rfb8 18. Nfd2 Rc5 19. Qd1 Bxc4 20. Nxc4 Nd8 21. Qa4 Ne6 22. Qc2 Rcb5 23. Qe2 Qg5 {½-½ Salo,H (2188)-Aalto,P (2282) TCh-FIN 2024-25 (1.4)}) 9... Nxd4 10. Nc3 Nxf3+ 11. Qxf3 e5 12. Bg5 h6 13. Bxf6 Qxf6 14. Qxf6 gxf6 15. Nd5 c6 16. Nxf6+ Kg7 17. Ne4 Bd4 18. Rab1 Rd8 19. Rfe1 Bf5 20. Bf3 Bb6 21. Rbd1 Rd4 22. Kf1 Rad8 23. Ke2 Be6 24. c5 Bc7 25. g4 a4 26. Rg1 Bb3 27. Rc1 Rxd3 28. Nd6 Bxd6 29. Kxd3 Bxc5+ 30. Ke2 Bd4 31. Rcd1 Rd6 32. Rd2 Rf6 33. Rg2 Bc4+ 0-1

[Event "45th Olympiad 2024"]
[Site "Budapest HUN"]
[Date "2024.09.11"]
[Round "1.21"]
[Board "2"]
[White "Le, Tuan Minh"]
[Black "Heron, Andrew"]
[Result "1-0"]
[WhiteElo "2564"]
[BlackElo "2026"]
[PlyCount "57"]
[EventDate "2024.09.11"]
[WhiteTeam "Vietnam"]
[BlackTeam "Liechtenstein"]
[WhiteTeamCountry "VIE"]
[BlackTeamCountry "LIE"]

1. d4 Nf6 2. c4 g6 3. Nc3 d5 4. cxd5 Nxd5 5. e4 Nxc3 6. bxc3 Bg7 7. Nf3 c5 8. Bb5+ Nc6 9. O-O O-O 10. Bxc6 bxc6 11. Qc2 Bg4 12. Ne5 Bxe5 13. dxe5 Qc7 14. Bh6 Rfd8 15. f4 Be6 $146 ({RR} 15... c4 16. Rab1 Rd3 17. Qf2 Rad8 18. Qh4 Be2 19. Rfe1 Rd1 20. Rexd1 Rxd1+ 21. Rxd1 Bxd1 22. h3 Bc2 23. Bg5 Qb6+ 24. Kh2 Bxe4 25. Bxe7 Qb2 26. Qg3 Qe2 27. Bc5 Qxa2 28. e6 f6 29. f5 h5 30. Qxg6+ {1-0 Ohler,J (2188)-Tellarini,L (2002) 57th Biel Master Open 2024 (4.57)}) ({RR} 15... c4 16. f5 Qxe5 17. h3 Bh5 18. g4 Rd3 19. Bf4 Qxe4 20. gxh5 Rg3+ 21. Bxg3 Qxc2 22. hxg6 hxg6 23. fxg6 fxg6 24. Be5 Rf8 25. Rxf8+ Kxf8 26. Rf1+ Ke8 27. Rf2 Qd3 28. Bd4 Qxh3 29. Rg2 Qf5 30. Rf2 {0-1 Shuvalov,E (2079)-Mattenberger,M (2221) Titled Tue 30th Jan Early 2024 (5)}) 16. Rf3 Bc4 17. h3 Rd7 18. Qf2 Rad8 19. Kh2 Rd2 20. Qxc5 Rxa2 21. Rxa2 Bxa2 22. c4 Bb1 23. Ra3 Ra8 24. e6 fxe6 25. Rb3 Bc2 26. Rb2 Ba4 27. Qa3 Bd1 28. Rd2 Bh5 29. Qc3 1-0

[Event "45th Olympiad 2024"]
[Site "Budapest HUN"]
[Date "2024.09.11"]
[Round "1.21"]
[Board "4"]
[White "Banh Gia Huy"]
[Black "Schadler, Martin"]
[Result "1-0"]
[WhiteElo "2425"]
[BlackElo "1891"]
[PlyCount "45"]
[EventDate "2024.09.11"]
[WhiteTeam "Vietnam"]
[BlackTeam "Liechtenstein"]
[WhiteTeamCountry "VIE"]
[BlackTeamCountry "LIE"]

1. c4 Nf6 2. g3 g6 3. Bg2 d6 4. d4 Bg7 5. Nf3 O-O 6. Nc3 Nbd7 7. O-O c6 8. e4 e5 9. h3 Qc7 10. Re1 a6 11. Be3 Rb8 ({RR} 11... b5 12. c5 dxc5 13. dxe5 Nxe5 14. Nxe5 Qxe5 15. f4 Qc7 16. Bxc5 Rd8 17. Qf3 Be6 18. e5 Nd5 19. Ne4 h5 20. Rac1 Bf8 21. Bxf8 Rxf8 22. a3 a5 23. Qf2 Kg7 24. Ng5 Qd7 25. Red1 Rfd8 26. Qc5 {1-0 Kazakouski,V (2564)-Skliarov,V (2366) Titled Tue 3rd Oct Early 2023 (3)}) ({RR} 11... b5 12. c5 dxc5 13. dxe5 Nxe5 14. Bxc5 Rd8 15. Qc2 Nd3 16. e5 Nxc5 17. exf6 Bxf6 18. g4 Be6 19. Rad1 Rxd1 20. Rxd1 Rd8 21. Rxd8+ Bxd8 22. Nd4 Bd7 23. b4 Ne6 24. Nce2 Nxd4 25. Nxd4 Qf4 26. Nxc6 {0-1 Orzech,D (2248)-Rustamov,R (2285) Titled Tue 30th Jul Early 2024 (3)}) 12. c5 $146 ({RR} 12. a4 b6 13. Rc1 Bb7 14. d5 Nc5 15. Nh2 a5 16. f4 Nh5 17. Bf3 Nxg3 18. Kg2 Nh5 19. Bxh5 gxh5 20. f5 Qe7 21. Rg1 cxd5 22. cxd5 Kh8 23. Qxh5 Nd3 24. Rcf1 f6 25. Kh1 Ba6 26. Rf3 Nc5 {½-½ Junker,A (1816)-Waeltermann,T (1733) Muensterland Verbandsklasse-B 1213 2012 (2.6)}) ({RR} 12. Rc1 b6 13. Qd2 Re8 14. d5 c5 15. Nh2 b5 16. cxb5 axb5 17. b3 Qa5 18. Nb1 Qa6 19. f3 b4 20. Bf1 Qa7 21. Rc4 Nh5 22. g4 Ng3 23. Bd3 f5 24. Bf2 f4 25. Rxb4 Rxb4 26. Qxb4 Qxa2 {0-1 Gorev,V-Malyshev,A (1955) Kineshma Fed Cup 2010 (2)}) 12... dxc5 13. dxe5 Ne8 14. e6 fxe6 15. Ng5 Ne5 16. Bxc5 Bf6 17. Bxf8 Bxg5 18. Bc5 Be7 19. Bxe7 Qxe7 20. Qd4 Qf6 21. Rad1 Nf3+ 22. Bxf3 Qxf3 23. Qe5 1-0